|
|
|
|
| LEADER |
01295nab#a2200361#ar4500 |
| 001 |
000071209 |
| 003 |
SVKKK |
| 005 |
20010201xxxxxxx. |
| 008 |
06 c xo huno |
| FMT |
|
|
|
| 038 |
|
|
|a SVKKK
|
| 040 |
|
|
|a SVKKK
|b slo
|e AACR2
|
| 041 |
0 |
|
|a hun
|
| 044 |
|
|
|a xo
|c SK
|
| 080 |
|
|
|a 347.4
|
| 100 |
1 |
|
|a Ádamkovich, [Viktor]
|4 aut
|
| 242 |
1 |
0 |
|a Výpis z dražobného oznamu
|
| 245 |
1 |
0 |
|a Árverési hirdetményi kivonat
|c [Viktor] Ádamkovich / [Karol] Rónai
|
| 500 |
|
|
|a [Győző]
|
| 500 |
|
|
|a [Károly]
|
| 500 |
|
|
|a mikrofilm
|
| 520 |
2 |
|
|a Text oznamu o pripravovanej verejnej dražbe majetkov Michala (Mihály) Prokopa a manželky zapísané v pozemkovej knihe č. 465 mestečka Snina v prospech dražiteľa Antona Novobilszkeho. Verejná dražba sa uskutoční v Snine dňňa 23. 12. 1911.
|
| 650 |
0 |
4 |
|a dražby - Novobilszki, Anton (dražiteľ) - Prokop, Michal a manželka (vydražovaní) - Snina - 23.12.1911 - texty
|
| 700 |
1 |
|
|a Rónai, [Karol]
|4 aut
|
| 773 |
0 |
|
|t Homonna és Vidéke : Vegyes tartalmu közmüvelődési, szépirodalmi és közgazdasági hetilap
|g Roč. 11, č. 41 (15.10.1911) s. 3
|
| 957 |
|
|
|a Humenné
|
| 957 |
|
|
|a Snina
|
| 958 |
|
|
|a DG
|
| 958 |
|
|
|a SK
|
| 974 |
|
|
|a Ba
|d 20010201
|
| 992 |
|
|
|a RBX
|
| BAS |
|
|
|
| 998 |
|
|
|a RETRO
|